Birds of the US - Corvids - Statistics

General Stats
  • This quiz has been taken 39 times
  • The average score is 12 of 19
Answer Stats
Hint Answer % Correct
Corvus corax Common Raven
100%
Corvus brachyrhynchus American Crow
93%
Cyanocitta cristata Blue Jay
86%
Corvus ossifragus Fish Crow
79%
Pica hudsonia Black-billed Magpie
75%
Cyanocitta stelleri Steller’s Jay
75%
Aphelocoma californica California Scrub Jay
68%
Nucifraga columbiana Clark’s Nutcracker
68%
Aphelocoma coerulescens Florida Scrub Jay
68%
Pica nuttalli Yellow-billed Magpie
68%
Perisoreus canadensis Canada Jay
57%
Aphelocoma woodhouseii Woodhouse’s Scrub Jay
57%
Corvus cryptoleucus Chihuahuan Raven
54%
Aphelocoma insularis Island Scrub Jay
46%
Gymnorhinus cyanocephalus Pinyon Jay
43%
Cyanocorax yncas Green Jay
39%
Aphelocoma wollweberi Mexican Jay
36%
Corvus imparatus Tamaulipas Crow
36%
Psilorhinus morio Brown Jay
32%
No matching quizzes found
Score Distribution
Percent of People with Each Score
Percentile by Number Answered
Your Score History
You have not taken this quiz